000 00306nam a2200121Ia 4500
008 190722s9999 xx 000 0 und d
020 _a978-81-265-2057-4
100 _aR.Jacob Baker
245 0 _aCMOS Circuit Design layout and Simultion
260 _aIndia
_bWiley Sons
_c2012
300 _a1038
942 _cBK
999 _c59
_d59